000 00497nam a22001937a 4500
999 _c6335
_d6335
003 OSt
005 20190927155117.0
008 190927b ||||| |||| 00| 0 eng d
020 _a0397548206
040 _cDNLM
082 _aWY 20.5 p759m 1991.
100 _aPolit,Denis F.
_912961
245 _aNursing Research;
_bPrinciples and Methods.
250 _a4th ed.
300 _axiv,697p;
_bill,
_c25cm.
504 _aincludes glossary and index.
650 _aNursing.
_9135
942 _2z
_cO_SHELF